Puchar Europy UEFA - Półfinaliści (1970-1979) - Statystyki

Ogólne statystyki
  • Ten quiz został rozwiązany 18 razy
  • Średni wynik to 18 z 27
Statystyki odpowiedzi
Półfinały Kraj Klub % Poprawnych
3 Holandia Ajax Amsterdam
100%
3x Niemcy Bayern Monachium
100%
3 Szkocja Celtic Glasgow
100%
2 Anglia Liverpool
94%
1 Hiszpania Barcelona
88%
2 Włochy Juventus
88%
2 Hiszpania Real Madryt
88%
2 Hiszpania Atletico Madryt
81%
1 Portugalia Benfica Lizbona
81%
1 Holandia Feyenoord Rotterdam
81%
1 Włochy Inter Mediolan
81%
1x Anglia Nottingham Forest
81%
1 Holandia PSV Eindhoven
81%
1 Polska Legia Warszawa
75%
1 Jugosławia Crvena Zvezda Belgrad
69%
1 Austria Austria Wiedeń
63%
1 Szwecja Malmö
63%
2x Niemcy Borussia Mönchengladbach
56%
1 Belgia Club Brugge
56%
1 Grecja Panathinaikos
56%
1 ZSRR Dynamo Kijów
50%
2 Anglia Leeds United
50%
2 Francja Saint-Etienne
31%
1 Szwajcaria Zürich
19%
1 Węgry Ujpest
13%
1 Anglia Derby County
6%
1 Niemcy Köln
0%
Nie znaleziono quizów pasujących do podanych kryteriów
Rozkład punktacji
Procent ludzi z każdym wynikiem
Percentyl według liczby udzielonych odpowiedzi
Twoja historia wyników
Nie rozwiązałeś tego quizu